|
|
|
|
| LEADER |
00000nam2a2200000 4500 |
| 001 |
38557 |
| 005 |
20231031010230.0 |
| 035 |
|
|
|a (RuTPU)RU\TPU\book\39335
|
| 090 |
|
|
|a 38557
|
| 100 |
|
|
|a 20020311d1972 ekmy0rusy50 ca
|
| 101 |
0 |
|
|a rus
|
| 105 |
|
|
|a a f 001zy
|
| 200 |
0 |
|
|a Т. 1 : А-К
|f под ред. В. А. Каргин
|
| 210 |
|
|
|d 1972
|
| 215 |
|
|
|a 1224 стб.
|c ил.
|
| 320 |
|
|
|a Библиогр. в конце ст.
|
| 320 |
|
|
|a Алф.-предм. указ.: стб. 1197-1224
|
| 461 |
|
1 |
|0 (RuTPU)RU\TPU\book\39334
|t Энциклопедия полимеров
|o в 3 т.
|v Т. 1 : А-К
|d 1972-1977
|s Энциклопедии. Словари. Справочники.
|
| 610 |
1 |
|
|a полимеры
|
| 610 |
1 |
|
|a полимерные материалы
|
| 610 |
1 |
|
|a физика
|
| 610 |
1 |
|
|a химия
|
| 610 |
1 |
|
|a технология
|
| 610 |
1 |
|
|a процессы
|
| 610 |
1 |
|
|a оборудование
|
| 610 |
1 |
|
|a энциклопедии
|
| 675 |
|
|
|a 679.56(031)
|v 3
|
| 702 |
|
1 |
|a Каргин
|b В. А.
|g Валентин Алексеевич
|4 340
|
| 801 |
|
1 |
|a RU
|b 63413507
|c 20020311
|g PSBO
|
| 801 |
|
2 |
|a RU
|b 63413507
|c 20201028
|g PSBO
|
| 942 |
|
|
|c BK
|